Loading...
Literature - European Literature | 4 | 1 | 0 | 0 | 70 | 26 | 67.00 | 4 | 5 |
Fine Arts - Auditory Fine Arts | 0 | 7 | 0 | 1 | 70 | 87 | 111.00 | 4 | 7 |
2 | 1 | 1 | 1 | 35 | 48 | 86.33 | 2 | 3 | |
Other Arts: Auditory | 0 | 3 | 0 | 0 | 30 | 97 | 115.33 | 1 | 3 |
Beliefs | 0 | 3 | 0 | 0 | 30 | 131 | 137.00 | 0 | 3 |
Literature - American Literature | 1 | 1 | 0 | 0 | 25 | 49 | 87.50 | 0 | 2 |
Literature - British Literature | 0 | 2 | 0 | 0 | 20 | 90 | 124.00 | 1 | 2 |
Fine Arts - Visual Fine Arts | 0 | 1 | 0 | 0 | 10 | 126 | 126.00 | 0 | 1 |
Other Arts: Visual | 0 | 1 | 0 | 0 | 10 | 131 | 131.00 | 0 | 1 |
Social Science | 0 | 1 | 0 | 0 | 10 | 77 | 77.00 | 1 | 1 |
Philosophy | 0 | 0 | 0 | 0 | 0 | 0.00 | 0 | 0 |